| 000 | 02325ncm0a22003971 4500 | ||
|---|---|---|---|
| 001 | RU\NLR\ONIZ\222912 | ||
| 005 | 20250626095130.0 | ||
| 010 | _z5-7114-0372-9 (978-5-7114-0372-2) | ||
| 035 | _aRU\NLR\ONIZ\Таня\5000006451\20180112105227 | ||
| 035 | _a(NLR Aleph) 011596270 | ||
| 090 |
_a10863141 _c10863141 |
||
| 100 | _a20180112d2011 |||y0rusy50 ca | ||
| 101 | 0 | _arus | |
| 102 | _aRU | ||
| 125 | _azx | ||
| 128 | _ali | ||
| 145 | 0 | _ac | |
| 200 | 1 |
_aЯ звала тебя ласково - Лелем... _bНоты _e(1978) _aНочью в саду у меня _eдочери Светлане _eдля сопрано в сопровожд. фп. _e(1978) _fМ. Коробейников _gстихи С. Молевой _gстихи А. Исаакян |
|
| 210 |
_aМагнитогорск _cДом печати _d2011 |
||
| 215 |
_a7 с. _d30 см |
||
| 313 | _aСистематизация документа проведена по изданию - Методика классифицирования музыкальных произведений (нотных изданий) по таблицам Библиотечно-библиографических классификаций : метод. рекомендации / Гос. б-ка СССР им. В.И. Ленина.- М., 1977. Индексу ББК методических рекомендаций присваивается код ББК для научных библиотек - LBC/SL | ||
| 606 | 1 |
_aРомансы для высокого голоса и фортепиано _yРоссия _z20-21 вв. _jНоты _2nlr_sh |
|
| 686 |
_aЩ943.1-42-043.3я44(2Р) _vLBC/SL _2rubbk |
||
| 700 | 1 |
_9z04790 _aКоробейников _bМ. М. _f1947- _gМихаил Михайлович _4230 _7ca |
|
| 702 | 1 |
_aМолева _bС. В. _f1946- _gСветлана Васильевна _4520 _7ca |
|
| 702 | 1 |
_9z03790 _aИсаакян _bА. С. _f1875-1957 _gАветик Саакович _4520 _7ca |
|
| 790 | 1 |
_9z03702 _aIsaakyan _bA.S. _f1875-1957 _gAvetik Saakovjch _4520 _7ba |
|
| 790 | 1 |
_9z04700 _aKorobejnikov _bM. _f1980- _gMichail _4230 _7ba |
|
| 801 | 0 |
_aRU _bNLR _c20180112 _gPSBO |
|
| 801 | 1 |
_aRU _bNLR _c20180112 _2rusmarc |
|
| 801 | 2 |
_aRU _bNLR _c20180802 |
|
| 852 |
_aNLR _bМ _jК-3/29095 _p259341 _t1 |
||
| 942 | _cSCORE | ||
| 980 | _aNB | ||
| 980 | _aONIZ | ||